000 01260nam a22002297a 4500
999 _c58961
_d58961
003 Ge_BSU
005 20221024165354.0
008 221024s2018 ge ||||| |||| 00| 0 geo d
020 _a9789941294150
041 _ageo
080 _a821.353.1'351 დ-27
245 _aდედა ენა :
_bსამი ანბანი /
_cსარედაქციო ჯგუფი: სალომე ნიკოლეიშვილი, ლიკა თავართქილაძე, ნინო ბურჯანაძე [და სხვ.] ; მხატვარი ლევან სილაგაძე.
264 _aთბილისი :
_bპალიტრა L,
_c2018.
300 _a96 გვ. :
_bილ. ;
_c20 სმ.
490 _aმეგზური სიკეთის სამყაროში 9
653 _aქართული ანბანი
653 _aქართული დამწერლობა
653 _aქართული პროზა
700 _aნიკოლეიშვილი, სალომე.
_eრედაქტორი
_915501
700 _aთავართქილაძე, ლიკა და სხვ
_eრედაქტორი
_915502
942 _2udc
_cBK